000 00550nam a22001577a 4500
005 20251108165430.0
008 250721s1986 xx 000 0 ara d
082 1 4 _aم/759.956/مخت
245 1 0 _aمختارات من أعمال الفنانيين التشكيليين في دول الخليج العربي /
264 1 _aالرياض :
_bمكتب التربية العربي لدول الخليج،
_c1986.
300 _a247ص
650 1 7 _aالخط العربي
650 1 7 _aالرسم الإسلامي
942 _2ddc
_cREF
999 _c27778
_d27778